<?xml version="1.0" encoding="UTF-8"?>
<record
    xmlns:xsi="http://www.w3.org/2001/XMLSchema-instance"
    xsi:schemaLocation="http://www.loc.gov/MARC21/slim http://www.loc.gov/standards/marcxml/schema/MARC21slim.xsd"
    xmlns="http://www.loc.gov/MARC21/slim">

  <leader>00550nam a22001817a 4500</leader>
  <controlfield tag="003">0</controlfield>
  <controlfield tag="005">20220727090731.0</controlfield>
  <controlfield tag="008">220727b        xxu||||| |||| 00| 0 eng d</controlfield>
  <datafield tag="020" ind1=" " ind2=" ">
    <subfield code="a">978-621-04-0430-2</subfield>
  </datafield>
  <datafield tag="050" ind1=" " ind2=" ">
    <subfield code="a">KPM810</subfield>
    <subfield code="b">.D45 2021</subfield>
  </datafield>
  <datafield tag="245" ind1=" " ind2=" ">
    <subfield code="a">The law on obligations and contracts</subfield>
    <subfield code="c">Hector S. De Leon; Hector M. De Leon, Jr.</subfield>
  </datafield>
  <datafield tag="250" ind1=" " ind2=" ">
    <subfield code="a">12th ed.</subfield>
  </datafield>
  <datafield tag="260" ind1=" " ind2=" ">
    <subfield code="a">Quezon City</subfield>
    <subfield code="b">Rex printing company, Inc.,</subfield>
    <subfield code="c">2021</subfield>
  </datafield>
  <datafield tag="300" ind1=" " ind2=" ">
    <subfield code="a">xxii, 453pp.</subfield>
    <subfield code="c">23cm.</subfield>
    <subfield code="f">Book</subfield>
  </datafield>
  <datafield tag="500" ind1=" " ind2=" ">
    <subfield code="a">Contracts--Philippines.</subfield>
  </datafield>
  <datafield tag="500" ind1=" " ind2=" ">
    <subfield code="a">Obligations--laws etc.</subfield>
  </datafield>
  <datafield tag="942" ind1=" " ind2=" ">
    <subfield code="2">lcc</subfield>
    <subfield code="c">BK</subfield>
  </datafield>
  <datafield tag="999" ind1=" " ind2=" ">
    <subfield code="c">364755</subfield>
    <subfield code="d">364755</subfield>
  </datafield>
  <datafield tag="952" ind1=" " ind2=" ">
    <subfield code="0">0</subfield>
    <subfield code="1">0</subfield>
    <subfield code="2">lcc</subfield>
    <subfield code="4">0</subfield>
    <subfield code="a">CL</subfield>
    <subfield code="b">CL</subfield>
    <subfield code="c">FIL</subfield>
    <subfield code="d">2022-07-27</subfield>
    <subfield code="e">Library Fund</subfield>
    <subfield code="l">3</subfield>
    <subfield code="o">KPM810 .D45 2021</subfield>
    <subfield code="p">C22807</subfield>
    <subfield code="q">2025-06-02</subfield>
    <subfield code="r">2025-05-26 00:00:00</subfield>
    <subfield code="s">2025-05-26</subfield>
    <subfield code="w">2022-07-27</subfield>
    <subfield code="y">BK</subfield>
  </datafield>
  <datafield tag="952" ind1=" " ind2=" ">
    <subfield code="0">0</subfield>
    <subfield code="1">0</subfield>
    <subfield code="2">lcc</subfield>
    <subfield code="4">0</subfield>
    <subfield code="a">CL</subfield>
    <subfield code="b">CL</subfield>
    <subfield code="c">FIL</subfield>
    <subfield code="d">2022-07-27</subfield>
    <subfield code="e">DONATION</subfield>
    <subfield code="l">1</subfield>
    <subfield code="m">1</subfield>
    <subfield code="o">KPM810 .D45 2021</subfield>
    <subfield code="p">C22808</subfield>
    <subfield code="r">2024-07-03 00:00:00</subfield>
    <subfield code="s">2024-02-15</subfield>
    <subfield code="w">2022-07-27</subfield>
    <subfield code="y">BK</subfield>
  </datafield>
  <datafield tag="952" ind1=" " ind2=" ">
    <subfield code="0">0</subfield>
    <subfield code="1">0</subfield>
    <subfield code="2">lcc</subfield>
    <subfield code="4">0</subfield>
    <subfield code="a">CL</subfield>
    <subfield code="b">CL</subfield>
    <subfield code="c">FIL</subfield>
    <subfield code="d">2022-07-27</subfield>
    <subfield code="e">Library Fund</subfield>
    <subfield code="l">3</subfield>
    <subfield code="m">15</subfield>
    <subfield code="o">KPM810 .D45 2021</subfield>
    <subfield code="p">C22809</subfield>
    <subfield code="r">2024-06-28 00:00:00</subfield>
    <subfield code="s">2024-05-17</subfield>
    <subfield code="w">2022-07-27</subfield>
    <subfield code="y">BK</subfield>
  </datafield>
</record>
